| 000 | 00457 a2200157 4500 | ||
|---|---|---|---|
| 999 |
_c10264 _d10264 |
||
| 020 | _a0869818058 | ||
| 050 | _aKTL 449.3 CHU 1993 | ||
| 100 |
_aChurch,Joan _eeditor |
||
| 245 |
_aThe future of Indigenous law in Southern Africa _cJoan Church |
||
| 264 |
_aSouth Africa: _bUniversity of South Africa, _c1993 |
||
| 300 | _a139p.: | ||
| 500 | _aIncludes bibliographical references | ||
| 650 | _aLaws | ||
| 651 | _aAfrica | ||
| 942 |
_2lcc _cBK _h449.3 _iCHU _kKTL |
||